| 000 | 00745nam a2200253Ia 4500 | ||
|---|---|---|---|
| 003 | OSt | ||
| 005 | 20220927105458.0 | ||
| 006 | a|||||r|||| 00| 0 | ||
| 007 | ta | ||
| 008 | 220926b |||||||| |||| 00| 0 eng d | ||
| 024 | _a187570 | ||
| 037 | _cReference Collections | ||
| 040 |
_aRTL _cRTL _beng |
||
| 041 |
_2eng _aeng |
||
| 082 | _a"V1N45,93:3.N51, J2.4/UN" | ||
| 110 | _aUNITED NATIONS | ||
| 245 | 0 |
_aTrusteeship council official records _b 11th session(3 June-24 July 1952) |
|
| 260 |
_aNew _bYork UN _c1951 |
||
| 300 |
_a"iv,44p" _ccm. |
||
| 500 | _aSupplement no.4 | ||
| 700 | _aUNITED NATIONS | ||
| 942 |
_h"V1N45,93:3.N51, J2.4/UN" _cCC |
||
| 999 |
_c692745 _d692745 |
||